Gruzja - Regiony Gruzji (podział administracyjny Gruzji) - Mapa - Statystyki

Ogólne statystyki
  • Ten quiz został rozwiązany 667 razy
  • Średni wynik to 5 z 12
Odpowiedzi na mapie
Odpowiedzi zakodowano w zielono-czerwonej skali na mapie do tego quizu, zgodnie z poniższymi procentami.
 
Statystyki odpowiedzi
Okręg Siedziba % Poprawnych
Abchazja Suchumi
88%
Tbilisi Tbilisi
84%
Adżaria Batumi
76%
Imeretia Kutaisi
48%
Kachetia Telawi
42%
Wewnętrzna Kartlia Gori
34%
Guria Ozurgeti
31%
Dolna Kartlia Rustawi
30%
Mccheta-Mtianetia Mccheta
22%
Megrelia-Górna Swanetia Zugdidi
18%
Samcche-Dżawachetia Achalciche
17%
Racza-Leczchumi i Dolna Swanetia Ambrolauri
16%
Nie znaleziono quizów pasujących do podanych kryteriów
Rozkład punktacji
Procent ludzi z każdym wynikiem
Percentyl według liczby udzielonych odpowiedzi
Twoja historia wyników
Nie rozwiązałeś tego quizu